| 000 | 01005nam a2200229 i 4500 | ||
|---|---|---|---|
| 001 | 163718 | ||
| 003 | ES-MaACL | ||
| 005 | 20250806062200.0 | ||
| 008 | 991201s1753 sp |||| | spa d | ||
| 040 |
_aCCPB | B _bspa _cCCPB | B |
||
| 080 | _a615.838 | ||
| 100 | 1 |
_aRodríguez Corcho, Francisco. _9147165 |
|
| 245 | 1 | 0 |
_aMargarita sobre el agua _b: preciosa perla, que en la divina concha del sagrado texto coge el rocío del cielo, con que evidencia, que el agua no es remedio universal / _csu author ... Francisco Rodríguez Corcho, Margaro y Margarita... |
| 260 |
_a[Madrid] : _ben la imprenta de Joseph Francisco Martínez Abad, _c[1753] |
||
| 300 |
_a[12], 105 p. ; _c4º. |
||
| 597 | _aSign.: []6, A-M4, []1. | ||
| 597 | _aTexto a dos col. | ||
| 650 | 0 | 4 |
_aHidroterapia- _vObras anteriores a 1800. _9147184 |
| 650 | 7 |
_aMedicina natural _2embne _914931 |
|
| 852 |
_aES-MaACL _jR-3097(7) _x Olim:T-627-F _z. - Enc. pasta española _z. - Enc. en un vol. facticio |
||
| 999 |
_c163718 _d163718 |
||